000 00296 a2200109 4500
001 ART_49238
005 20260410161631.0
008 260409a
245 1 0 _aContabilidad social y ambiental
100 1 _aGeba, Norma Beatriz
773 0 _tEnfoques
_g- N°6 (jun. 2019)
_wREV416
999 _c12476
_d12476